Kingdom concerns : (Record no. 1862)

MARC details
000 -LEADER
fixed length control field 00841cam a2200265 a 4500
001 - CONTROL NUMBER
control field 4937500
003 - CONTROL NUMBER IDENTIFIER
control field GBCCL
005 - DATE AND TIME OF LATEST TRANSACTION
control field 20241126110411.0
008 - FIXED-LENGTH DATA ELEMENTS--GENERAL INFORMATION
fixed length control field 020425s1997 ii b 001 0 eng d
020 ## - INTERNATIONAL STANDARD BOOK NUMBER
International Standard Book Number 0851106986
035 ## - SYSTEM CONTROL NUMBER
System control number (OCoLC)ocn686576893
035 ## - SYSTEM CONTROL NUMBER
System control number 4937500
040 ## - CATALOGING SOURCE
Original cataloging agency BAN
Transcribing agency BAN
Modifying agency CtY-D
050 #4 -
-- BV2073
-- .G53 1997
082 ## - DEWEY DECIMAL CLASSIFICATION NUMBER
Classification number 266.001
Item number GNA
100 1# - MAIN ENTRY--PERSONAL NAME
Personal name Gnanakan, Ken.
9 (RLIN) 258
245 10 - TITLE STATEMENT
Title Kingdom concerns :
Remainder of title a biblical exploration towards a theology of mission /
Statement of responsibility, etc. Ken Gnanakan.
260 ## - PUBLICATION, DISTRIBUTION, ETC.
Place of publication, distribution, etc. London :
Name of publisher, distributor, etc. Inter varsity press,
Date of publication, distribution, etc. 1995.
300 ## - PHYSICAL DESCRIPTION
Extent 224 p. ;
Dimensions 21 cm.
440 #0 - SERIES STATEMENT/ADDED ENTRY--TITLE
Title Text book series (Theological Book Trust) ;
Volume/sequential designation no. 1
9 (RLIN) 3885
504 ## - BIBLIOGRAPHY, ETC. NOTE
Bibliography, etc. note Bibliography: p. 193-197.
504 ## - BIBLIOGRAPHY, ETC. NOTE
Bibliography, etc. note Includes bibliographical references and indexes.
650 #0 - SUBJECT ADDED ENTRY--TOPICAL TERM
Topical term or geographic name entry element Missions
General subdivision Biblical teaching.
9 (RLIN) 481
942 ## - ADDED ENTRY ELEMENTS (KOHA)
Source of classification or shelving scheme Dewey Decimal Classification
Koha item type Books
Koha issues (borrowed), all copies 1
Holdings
Withdrawn status Lost status Source of classification or shelving scheme Damaged status Not for loan Home library Current Library Shelving location Date acquired Total checkouts Full call number Barcode Date last seen Date last checked out Copy number Price effective from Koha item type
    Dewey Decimal Classification     GRACE BIBLE COLLEGE GRACE BIBLE COLLEGE Ministry & Mission 2017-05-30 1 266.001 GNA 000597 2025-05-01 2017-10-16 c.4 2017-05-30 Books
    Dewey Decimal Classification     GRACE BIBLE COLLEGE GRACE BIBLE COLLEGE Ministry & Mission 2017-05-30   266.001 GNA 000596 2025-05-01   c.3 2017-05-30 Books
    Dewey Decimal Classification     GRACE BIBLE COLLEGE GRACE BIBLE COLLEGE Ministry & Mission 2017-05-30   266.001 GNA 000595 2025-05-01   c.2 2017-05-30 Books
    Dewey Decimal Classification     GRACE BIBLE COLLEGE GRACE BIBLE COLLEGE Ministry & Mission 2017-05-30   266.001 GNA 000598 2025-05-01   c.5 2017-05-30 Books
    Dewey Decimal Classification     GRACE BIBLE COLLEGE GRACE BIBLE COLLEGE Ministry & Mission 2017-05-30   266.001 GNA 000590 2025-05-01   c.1 2017-05-30 Books
    Dewey Decimal Classification     GRACE BIBLE COLLEGE GRACE BIBLE COLLEGE Ministry & Mission 2018-03-26   266.001 GNA 013342 2025-05-01   c.6 2018-03-26 Books
© Grace Bible College Library 2025